Atlas of the world /

Bibliographic Details
Corporate Authors: George Philip & Son, Oxford University Press
Format: Map
Language:English
Published: New York : Oxford University Press, [2002]
Edition:10th ed.
Subjects:

MARC

Tag First Indicator Second Indicator Subfields
LEADER 00000cem a2200000Ia 4500
001 in00001714921
005 20151024190106.0
007 ad canzn
008 021008s2002 nyu e 1 eng
020 |a 0195219198 :  |c $75.00 
034 0 |a a 
035 |a (OCoLC)ocm50746243 
040 |a CDC  |c CDC  |d JED  |d IHI  |d URC  |d OCLCQ  |d COU  |d TXA  |d UtOrBLW 
049 |a TXAM 
090 |a G1021  |b .A7545 2002 
092 |a 912  |b O989, 2002 
096 |a G 1021  |b O98 2002 
110 2 |a George Philip & Son. 
245 1 0 |a Atlas of the world /  |c [cartography by Philip's]. 
246 3 |a Oxford atlas of the world 
250 |a 10th ed. 
255 |a Scales differ. 
264 1 |a New York :  |b Oxford University Press,  |c [2002] 
264 4 |c ©2002 
300 |a 1 atlas ([xxiv], 32, 47, 39, 304 pages) :  |b color illustrations, color maps ;  |c 38 cm. 
336 |a cartographic image  |b cri  |2 rdacontent 
337 |a unmediated  |b n  |2 rdamedia 
338 |a volume  |b nc  |2 rdacarrier 
500 |a Relief shown by shading and spot heights. Depths shown by gradiant tints. 
500 |a At head of title: Oxford. 
500 |a Includes indexes. 
500 |a Cartographic material. 
650 0 |a Atlases. 
710 2 |a Oxford University Press. 
948 |a cataloged  |b h  |c 2003/1/7  |d c  |e jgreene  |f 8:39:02 am 
994 |a E0  |b TXA 
999 |a MARS 
999 f f |s 77ee455c-c838-3429-821e-a07c87676bb1  |i 40fe34e0-aa04-3297-b0d4-a4b3ec0a4520  |t 0 
952 f f |p ric  |a Texas A&M University  |b Rellis Campus  |c Joint Library Facility  |d Remote Storage  |t 0  |e G1021 .A7545 2002  |f Oversize  |h Library of Congress classification  |i unmediated -- volume  |m A14829597429 
998 f f |a G1021 .A7545 2002  |t 0  |l Remote Storage